Soal jawab agama / (Record no. 744)
[ view plain ]
| 000 -LEADER | |
|---|---|
| fixed length control field | nam a22 a 4500 |
| 005 - DATE AND TIME OF LATEST TRANSACTION | |
| control field | 20170505091422.0 |
| 008 - FIXED-LENGTH DATA ELEMENTS--GENERAL INFORMATION | |
| fixed length control field | 170505b1988 my ||||| |||| 00| 0 eng d |
| 040 ## - CATALOGING SOURCE | |
| Original cataloging agency | AKMAL |
| 082 ## - DEWEY DECIMAL CLASSIFICATION NUMBER | |
| Edition number | 297 SUA |
| 100 ## - MAIN ENTRY--PERSONAL NAME | |
| Personal name | Muhammad Syafii Hadzami |
| 9 (RLIN) | 1605 |
| 245 ## - TITLE STATEMENT | |
| Title | Soal jawab agama / |
| Statement of responsibility, etc. | oleh Syeikh K.H.M. Syafii Hadzmi |
| 250 ## - EDITION STATEMENT | |
| Edition statement | Ed. Malaysia |
| 260 ## - PUBLICATION, DISTRIBUTION, ETC. | |
| Place of publication, distribution, etc. | Kuala Lumpur |
| Name of publisher, distributor, etc. | Victory Agencie |
| Date of publication, distribution, etc. | 1988 |
| 300 ## - PHYSICAL DESCRIPTION | |
| Extent | Jil.1-5; 231ms |
| Dimensions | 22cm |
| 500 ## - GENERAL NOTE | |
| General note | Judul kulit depan: Seratus masalah agama |
| 505 ## - FORMATTED CONTENTS NOTE | |
| Formatted contents note | Mengandungi ayat-ayat dari Quran |
| 599 ## - LOCAL NOTE | |
| Local Note | DALAM PROSES |
| 650 ## - SUBJECT ADDED ENTRY--TOPICAL TERM | |
| Topical term or geographic name entry element | Islam |
| 9 (RLIN) | 922 |
| 650 ## - SUBJECT ADDED ENTRY--TOPICAL TERM | |
| Topical term or geographic name entry element | Religious life |
| General subdivision | Islam |
| 9 (RLIN) | 819 |
| 942 ## - ADDED ENTRY ELEMENTS (KOHA) | |
| Source of classification or shelving scheme | |
| Koha item type | Book |
| Withdrawn status | Lost status | Source of classification or shelving scheme | Damaged status | Not for loan | Collection code | Home library | Current library | Shelving location | Date acquired | Inventory number | Total Checkouts | Barcode | Date last seen | Price effective from | Koha item type |
|---|---|---|---|---|---|---|---|---|---|---|---|---|---|---|---|
| NON-FICTION | AKMAL Melaka | AKMAL Melaka | PINJAMAN | 05.05.2017 | 000127 | 201701718 | 05.05.2017 | 05.05.2017 | Book |
